The introduction of English law into India; (Record no. 76170)
[ view plain ]
| 000 -LEADER | |
|---|---|
| fixed length control field | 00894cam a22002771 4500 |
| 001 - CONTROL NUMBER | |
| control field | sa 67006803 |
| 003 - CONTROL NUMBER IDENTIFIER | |
| control field | DLC |
| 005 - DATE AND TIME OF LATEST TRANSACTION | |
| control field | 20260227112410.0 |
| 008 - FIXED-LENGTH DATA ELEMENTS--GENERAL INFORMATION | |
| fixed length control field | 740503s1967 ii b 000 0beng |
| 010 ## - LIBRARY OF CONGRESS CONTROL NUMBER | |
| LC control number | sa 67006803 |
| 015 ## - NATIONAL BIBLIOGRAPHY NUMBER | |
| National bibliography number | GB67-15670 |
| 025 ## - OVERSEAS ACQUISITION NUMBER | |
| Overseas acquisition number | PL480:I-E-8370 |
| 035 ## - SYSTEM CONTROL NUMBER | |
| System control number | (OCoLC)877773 |
| 040 ## - CATALOGING SOURCE | |
| Original cataloging agency | DLC |
| Transcribing agency | OClU |
| Modifying agency | OCoLC |
| -- | Uk |
| -- | DLC |
| 042 ## - AUTHENTICATION CODE | |
| Authentication code | premarc |
| 050 00 - LIBRARY OF CONGRESS CALL NUMBER | |
| Classification number | KNS110.I47 |
| Item number | P36 1967 |
| 082 ## - DEWEY DECIMAL CLASSIFICATION NUMBER | |
| Classification number | 340/.0924 |
| -- | B |
| 100 1# - MAIN ENTRY--PERSONAL NAME | |
| Personal name | Pandey, B. N. |
| Fuller form of name | (Bishwa Nath), |
| Dates associated with a name | 1929- |
| 245 14 - TITLE STATEMENT | |
| Title | The introduction of English law into India; |
| Remainder of title | the career of Elijah Impey in Bengal, 1774-1783 |
| Statement of responsibility, etc. | [by] B.N. Pandey. |
| 260 ## - PUBLICATION, DISTRIBUTION, ETC. | |
| Place of publication, distribution, etc. | Bombay, |
| -- | New York, |
| Name of publisher, distributor, etc. | Asia Pub. House |
| Date of publication, distribution, etc. | [1967] |
| 300 ## - PHYSICAL DESCRIPTION | |
| Extent | xiii, 248 p. |
| Dimensions | 22 cm. |
| 490 0# - SERIES STATEMENT | |
| Series statement | Asia historical series, |
| Volume/sequential designation | no. 3 |
| 504 ## - BIBLIOGRAPHY, ETC. NOTE | |
| Bibliography, etc. note | Bibliography: p. 235-242. |
| 600 10 - SUBJECT ADDED ENTRY--PERSONAL NAME | |
| Personal name | Impey, Elijah, |
| Titles and other words associated with a name | Sir, |
| Dates associated with a name | 1732-1809. |
| 650 #0 - SUBJECT ADDED ENTRY--TOPICAL TERM | |
| Topical term or geographic name entry element | Justice, Administration of |
| Geographic subdivision | India. |
No items available.